00573nam a22001577a 4500020001800000082001400018100002400032245006900056260003500125300002600160650004100186700001900227942000700246999001700253952014500270 a9780321509178 a005.8 ALL a Allen, Julia H. a Software security engineering : a guide for project managers aNew YorkbAddison Wesleyc2008 axxiii, 334p. :e24 cm aComputer networks--Security measures aJulia H. Allen cBK c11793d11793 001040708NFICaCLbCLcAId2013-04-22eProgressive International Agenciesg4022.93l0o005.8 ALLpSEECS012309r2013-04-23w2013-04-23yBK